<?xml version="1.0" encoding="UTF-8"?>
<record
    xmlns:xsi="http://www.w3.org/2001/XMLSchema-instance"
    xsi:schemaLocation="http://www.loc.gov/MARC21/slim http://www.loc.gov/standards/marcxml/schema/MARC21slim.xsd"
    xmlns="http://www.loc.gov/MARC21/slim">

  <leader>00600nam a2200157Ia 4500</leader>
  <controlfield tag="008">100204s9999    xx            000 0 und d</controlfield>
  <datafield tag="082" ind1=" " ind2=" ">
    <subfield code="b">26229</subfield>
  </datafield>
  <datafield tag="100" ind1=" " ind2=" ">
    <subfield code="a">&#x905;&#x945;&#x91F;&#x935;&#x941;&#x921;    &#x92E;&#x93E;&#x930;&#x94D;&#x917;&#x93E;&#x930;&#x947;&#x91F;</subfield>
  </datafield>
  <datafield tag="245" ind1=" " ind2=" ">
    <subfield code="a">&#x926; &#x92C;&#x94D;&#x932;&#x93E;&#x907;&#x928;&#x94D;&#x921; &#x905;&#x938;&#x949;&#x938;&#x93F;&#x928;</subfield>
  </datafield>
  <datafield tag="260" ind1=" " ind2=" ">
    <subfield code="b">"&#x92E;&#x947;&#x939;&#x924;&#x93E;   &#x92A;&#x92C;&#x94D;&#x932;&#x93F;&#x936;&#x93F;&#x902;&#x917;   &#x939;&#x93E;&#x90A;&#x938;  ,  &#x92A;&#x941;&#x923;&#x947;"</subfield>
    <subfield code="c">2004</subfield>
  </datafield>
  <datafield tag="300" ind1=" " ind2=" ">
    <subfield code="a">372</subfield>
  </datafield>
  <datafield tag="630" ind1=" " ind2=" ">
    <subfield code="a">&#x926; &#x92C;&#x94D;&#x932;&#x93E;&#x907;&#x928;&#x94D;&#x921; &#x905;&#x938;&#x949;&#x938;&#x93F;&#x928;</subfield>
  </datafield>
  <datafield tag="700" ind1=" " ind2=" ">
    <subfield code="a">&#x928;&#x93E;&#x928;&#x940;&#x935;&#x921;&#x947;&#x915;&#x930;     &#x91A;&#x93E;&#x930;&#x941;&#x924;&#x93E;</subfield>
  </datafield>
  <datafield tag="730" ind1=" " ind2=" ">
    <subfield code="a">&#x926; &#x92C;&#x94D;&#x932;&#x93E;&#x907;&#x928;&#x94D;&#x921; &#x905;&#x938;&#x949;&#x938;&#x93F;&#x928;</subfield>
  </datafield>
  <datafield tag="942" ind1=" " ind2=" ">
    <subfield code="c">BOOK</subfield>
  </datafield>
  <datafield tag="999" ind1=" " ind2=" ">
    <subfield code="c">471407</subfield>
    <subfield code="d">471404</subfield>
  </datafield>
  <datafield tag="952" ind1=" " ind2=" ">
    <subfield code="0">0</subfield>
    <subfield code="1">0</subfield>
    <subfield code="4">0</subfield>
    <subfield code="7">0</subfield>
    <subfield code="a">NCKMULUND</subfield>
    <subfield code="b">NCKMULUND</subfield>
    <subfield code="d">2004-07-10</subfield>
    <subfield code="g">250.00</subfield>
    <subfield code="l">0</subfield>
    <subfield code="o">26229</subfield>
    <subfield code="p">NCKMULUND-26229</subfield>
    <subfield code="r">2010-02-04 00:00:00</subfield>
    <subfield code="v">250.00</subfield>
    <subfield code="w">2010-02-04</subfield>
    <subfield code="y">BOOK</subfield>
  </datafield>
</record>
